| 000 | 00000nam##2200000za#4500 |
| 001 | 9.631131 |
| 003 | CaOODSP |
| 005 | 20210624214202 |
| 007 | cr ||||||||||| |
| 008 | 150407|2004||||xxc|||||o f|0| 0 fre|d |
| 020 | |a0-662-89807-9 |
| 040 | |aCaOODSP|bfre |
| 043 | |an-cn--- |
| 086 | 1 |aEn154-16/2004F-PDF |
| 110 | 1 |aCanada. |bEnvironnement Canada. |
| 245 | 10|aGuide d'implantation d'un programme de récupération des halocarbures contenus dans les appareils domestiques |h[ressource électronique] |
| 260 | |aMontréal - Québec : |bEnvironnement Canada |cc2004. |
| 300 | |a40p.|bfigures, tableaux |
| 500 | |aLe n° de catalogue (En154-16/2004F) et l'ISBN (0-662-89806-0) de l'édition imprimée ont été incorrectement copiés dans l'édition électronique. |
| 590 | |a14-08-Supp|b2014-04-10 |
| 691 | 07|aAppareil électrique|2gcpds |
| 691 | 07|aDéchets domestiques|2gcpds |
| 691 | 07|aProtection de l'environnement|2gcpds |
| 775 | 08|tGuide for the implementation of a halocarbon recovery program for domestic appliances |w(CaOODSP)9.686665 |
| 856 | 40|ahttp://publications.gc.ca|qPDF|s1.42 Mo|uhttps://publications.gc.ca/collections/collection_2014/ec/En154-16-2004-fra.pdf |